Predajne na vidieku skvalitňujú život
Rozhovor s prezidentom Zväzu obchodu Slovenskej republiky, Filipom Kasanom. Obchod prechádza mnohými zmenami a pán Kasana chce presadzovať a komunikovať viaceré dôležité témy týkajúce sa rozvoja slovenského maloobchodu. Medzi jeho priority patrí napr. riešenie potravinových púští či podpora domáceho...
Guardado en:
| Autor principal: | |
|---|---|
| Otros Autores: | |
| Formato: | Capítulo de libro |
| Lenguaje: | eslovaco |
| Materias: | |
| Etiquetas: |
Sin Etiquetas, Sea el primero en etiquetar este registro!
|
MARC
| LEADER | 00000naa a2200000 4500 | ||
|---|---|---|---|
| 001 | 0304978 | ||
| 005 | 20241107132439.9 | ||
| 041 | 0 | |a slo | |
| 044 | |a CZ | ||
| 245 | 1 | 0 | |a Predajne na vidieku skvalitňujú život |c Tatiana Kapitánová, Filip Kasana |
| 520 | |a Rozhovor s prezidentom Zväzu obchodu Slovenskej republiky, Filipom Kasanom. Obchod prechádza mnohými zmenami a pán Kasana chce presadzovať a komunikovať viaceré dôležité témy týkajúce sa rozvoja slovenského maloobchodu. Medzi jeho priority patrí napr. riešenie potravinových púští či podpora domáceho potravinárstva. | ||
| 610 | 2 | 0 | |a rozhovor |
| 610 | 2 | 0 | |a maloobchod |
| 610 | 2 | 0 | |a púšte potravinové |
| 610 | 2 | 0 | |a potravinárstvo |
| 610 | 2 | 0 | |a výrobky domáce |
| 610 | 2 | 0 | |a obchod |
| 100 | 1 | |a Kapitánová, Tatiana | |
| 700 | 1 | |a Kasana, Filip | |